ՀՀ Գիտությունների ազգային ակադեմիայի հիմնարար գիտական գրադարան  =   Fundamental Scientific Library of NAS RA

Հատընտիր / (Record no. 102785)

MARC details
000 -LEADER
fixed length control field 00765nam a2200205 a 4500
001 - CONTROL NUMBER
control field 000280998
003 - CONTROL NUMBER IDENTIFIER
control field AM-YeHGA
005 - DATE AND TIME OF LATEST TRANSACTION
control field 20250618071840.0
008 - FIXED-LENGTH DATA ELEMENTS--GENERAL INFORMATION
fixed length control field 031107s1939 ai ||||gr|||||||||0|arm|d
040 ## - CATALOGING SOURCE
Original cataloging agency AM-YeHGA
041 0# - LANGUAGE CODE
Language code of text/sound track or separate title arm
090 ## - LOCALLY ASSIGNED LC-TYPE CALL NUMBER (OCLC); LOCAL CALL NUMBER (RLIN)
-- 104104
100 1# - MAIN ENTRY--PERSONAL NAME
Personal name Հովհաննիսյան, Հովհաննես Մկրտչի,
Dates associated with a name 1864-1929
9 (RLIN) 3945
245 10 - TITLE STATEMENT
Title Հատընտիր /
Statement of responsibility, etc. Հովհ. Հովհաննիսյան; Խմբ.՝ և առաջաբ.՝ Ռ. Զարյան.
260 ## - PUBLICATION, DISTRIBUTION, ETC.
Place of publication, distribution, etc. Յերևան :
Name of publisher, distributor, etc. Պետհրատ,
Date of publication, distribution, etc. 1939.
300 ## - PHYSICAL DESCRIPTION
Extent 70 էջ :
Other physical details դիմանկ. ;
Dimensions 15 սմ.
650 14 - SUBJECT ADDED ENTRY--TOPICAL TERM
Topical term or geographic name entry element Հայ գրականություն
General subdivision Պոեզիա
700 1# - ADDED ENTRY--PERSONAL NAME
Personal name Զարյան, Ռուբեն Վարոսի,
Dates associated with a name 1909-1994
Relator term խմբ.
Relationship edt
Relator term առաջաբ.
Relationship aui
9 (RLIN) 1691
942 ## - ADDED ENTRY ELEMENTS (KOHA)
Source of classification or shelving scheme Universal Decimal Classification
Koha item type Գրքեր / Books
Holdings
Withdrawn status Lost status Damaged status Not for loan Collection Home library Current library Date acquired Total checkouts Full call number Barcode Date last seen Cost, replacement price Price effective from Koha item type Public note Source of classification or shelving scheme
        General Fundamental Scientific Library Fundamental Scientific Library 22/12/2016   AI/10603 FL0048606 22/12/2016 2.00 22/12/2016 Գրքեր / Books 30 Days Loan  
        General Fundamental Scientific Library Fundamental Scientific Library 22/12/2016   AI/5637 FL0041121 22/12/2016   22/12/2016 Գրքեր / Books 30 Days Loan  
        General Fundamental Scientific Library Fundamental Scientific Library 22/12/2016   AI/5638 FL0041122 22/12/2016   22/12/2016 Գրքեր / Books 30 Days Loan  
        Hambardzumyan Individual Collection Fundamental Scientific Library Fundamental Scientific Library 22/12/2016   Hamb/173 FL0231207 22/12/2016   22/12/2016 Գրքեր / Books ILL Non-Circ. Universal Decimal Classification
        Hovhannisian Individual Collection Fundamental Scientific Library Fundamental Scientific Library 18/10/2018   Հովհ/3085 FL0521550 18/10/2018   18/10/2018 Գրքեր / Books ILL Non-Circ. Universal Decimal Classification


ՀՀ ԳԱԱ հիմնարար գիտական գրադարան
ՀՀ,Երևան 0019
Մարշալ Բաղրամյան 24/6
հեռախոս:(374-10) 52-47-50
Հետադարձ կապ

All site content, except where otherwise noted, is licensed under a
Creative Commons License